000 01024nam a2200289 a 4500
001 000016389
003 DO-SdBNP
005 20180320101638.0
007 000016389
008 100304s2000 dr ab 001 0 spa d
020 _a9993425125
040 _aBPMSU
_bspa
_cBPMSU
092 _axxxx
_bH564c
100 1 _aHerrera Moreno, Alejandro
_d1952-
245 1 3 _aLa clasificación numérica y su aplicación en la ecología /
_cAlejandro Herrera Moreno.
260 _aSanto Domingo :
_bInstituto Tecnológico de Santo Domingo,
_c2000.
300 _a88 p. :
_bil., map. ;
_c27 cm.
500 _aIncluye datos biográficos del autor en la contracubierta
504 _aIncluye bibliografía (p. 86- 88 )
930 1 _lBND01
_mLF1
_820130314
_f04
_pHD
_g11033
930 1 _lBND01
_mLF1
_820130416
_f04
_pHD
_g11033
_he. 2
942 _2ddc
_cBK
945 _ainventariado, 2018 / dg
956 _aSARMENTERO
_b10
_c20100304
_lBND01
_h1507
956 _aVMATEO
_b10
_c20130311
_lBND01
_h0903
956 _aVMATEO
_b10
_c20151106
_lBPMSU
_h00151
999 _c8607
_d8607